000 00664nam a2200241Ia 4500
003 OSt
005 20220918213525.0
006 a|||||r|||| 00| 0
007 ta
008 220917b |||||||| |||| 00| 0 eng d
024 _a133,231
037 _cTextual
040 _aARTS
_cARTS
_beng
041 _2eng
_aeng
082 _aX:8.73.N, M5
100 _aAlchon Guy
_9127452
245 0 _aInvisible hand of planning
_b capitalism social science and the state in the 1920's
260 _aPrinceton
_bPUP
_c1985
300 _ax,252p.
_ccm.
650 _aECONOMICS
942 _hX:8.73.N, M5
_cTEXL
_2CC
999 _c256339
_d256339